书目信息 |
| 题名: |
前列腺病自我疗法
|
|
| 作者: | 王强虎 , 相国庆 编著 | |
| 分册: | ||
| 出版信息: | 北京 人民军医出版社 2009.04 |
|
| 页数: | 158页 | |
| 开本: | 24cm | |
| 丛书名: | ||
| 单 册: | ||
| 中图分类: | R697.05 | |
| 科图分类: | ||
| 主题词: | 泌尿科学 , 泌尿系统疾病 | |
| 电子资源: | ||
| ISBN: | 978-7-5091-2477-2 | |
| 000 | 00686nam0 2200241 45 | |
| 001 | 0932305406 | |
| 005 | 20091102085950.39 | |
| 010 | @a978-7-5091-2477-2@dCNY25.00 | |
| 100 | @a20090515d2009 ekmy0 y0120 ea | |
| 102 | @aCN@b130000 | |
| 102 | @aCN@b110000 | |
| 105 | @ay z 000yy | |
| 200 | 1 | @a前列腺病自我疗法@f王强虎,相国庆编著@Fwang qiang hu,xiang guo qing bian zhu |
| 210 | @a北京@c人民军医出版社@d2009.04 | |
| 215 | @a158页@d24cm | |
| 606 | 0 | @a泌尿科学 |
| 606 | 0 | @a泌尿系统疾病 |
| 690 | @aR697.05@v4 | |
| 701 | 0 | @a王强虎@Awang qiang hu@4编著 |
| 701 | 0 | @a相国庆@Axiang guo qing@4编著 |
| 801 | 0 | @aCN@c20091102 |
| 905 | @a10447@dR697.05@eW310 | |
| 906 | @d25@n3@r1 | |
| 前列腺病自我疗法/王强虎,相国庆编著.-北京:人民军医出版社,2009.04 |
| 158页;24cm |
| ISBN 978-7-5091-2477-2:CNY25.00 |
| ● |
| 相关链接 |
|
|
|
正题名:前列腺病自我疗法
索取号:R697.05/W310
 
预约/预借
| 序号 | 登录号 | 条形码 | 馆藏地/架位号 | 状态 | 备注 |
| 1 | 895786 | 208957869 | 自科库401/401自科库 19排4列5层/ [索取号:R697.05/W310] | 在馆 | |
| 2 | 895787 | 208957878 | 自科库401/401自科库 19排4列5层/ [索取号:R697.05/W310] | 在馆 | |
| 3 | 895788 | 208957887 | 自科库401/401自科库 16排3列3层/ [索取号:R697.05/W310] | 在馆 |